Choking planet : (Record no. 59684)

MARC details
000 -LEADER
fixed length control field 01198nam a22002657a 4500
005 - DATE AND TIME OF LATEST TRANSACTION
control field 20111220104914.0
010 ## - LCCN (DPL NO)
LC control number B-444612
020 ## - INTERNATIONAL STANDARD BOOK NUMBER
Terms of availability 100.00
International Standard Book Number 9788179914953
035 ## - SYSTEM CONTROL NUMBER
System control number B-444612
037 ## - SOURCE OF ACQUISITION
Source of stock number/acquisition Popular Parakashan
037 ## - SOURCE OF ACQUISITION
Source of stock number/acquisition Blue Berry/Ven
082 ## - DEWEY DECIMAL CLASSIFICATION NUMBER
Classification number 363.73
100 ## - MAIN ENTRY--PERSONAL NAME
Personal name Kamath, Anjali
245 ## - TITLE STATEMENT
Title Choking planet :
Remainder of title our pollution crisis /
Statement of responsibility, etc by Anjali Kamath; edited by Anand Mani
260 ## - PUBLICATION, DISTRIBUTION, ETC. (IMPRINT)
Name of publisher, distributor, etc Popular Prakashan
Date of publication, distribution, etc c2009
Place of publication, distribution, etc Mumbai
270 ## - ADDRESS
Address 301, Mahalaxmi, 22, Bhulabhai Desai Road,
City Mumbai
Postal code 400026
300 ## - PHYSICAL DESCRIPTION
Extent 48p.:
Other physical details col. photos
Dimensions 28cm(pbk)
490 ## - SERIES STATEMENT
Series statement Brainworks a kangaroo kids initiative series
-- 37518
500 ## - GENERAL NOTE
General note Includes glossary and index
700 ## - ADDED ENTRY--PERSONAL NAME
Personal name Bhattacharya, Sreshtha
9 (RLIN) 37231
942 ## - ADDED ENTRY ELEMENTS (KOHA)
Source of classification or shelving scheme Dewey Decimal Classification
Item type Children Books
Call number suffix KAM
Classification part 363.73
Holdings
Withdrawn status Lost status Not for loan Collection code Home library Current library Date acquired Source of acquisition Cost, normal purchase price Full call number Barcode Copy number Cost, replacement price Koha item type
      Non-fiction Central Library Central Library 23/12/2011 Blue Berry/7042/29.9.11/83/21.3.11/12.10.11 100.00 363.73 KAM B-444612 1 100.00 Children Books

© Delhi Public Library
Hit Counter
free hit counter